<?xml version="1.0" encoding="UTF-8"?>
<collection xmlns="http://www.loc.gov/MARC21/slim">
 <record>
  <leader>00675nam a22002175a 4500</leader>
  <controlfield tag="001">EHU.bham042112</controlfield>
  <controlfield tag="003">AR-BHAM</controlfield>
  <controlfield tag="005">20130521151029.0</controlfield>
  <controlfield tag="008">130507s2004##################000#0#####d</controlfield>
  <datafield tag="020" ind1=" " ind2=" ">
   <subfield code="a">9871151187</subfield>
  </datafield>
  <datafield tag="082" ind1="9" ind2="5">
   <subfield code="a">950.4</subfield>
  </datafield>
  <datafield tag="100" ind1="1" ind2=" ">
   <subfield code="a">Cumings, Bruce</subfield>
  </datafield>
  <datafield tag="245" ind1="1" ind2="0">
   <subfield code="a">El  lugar de corea en el sol :</subfield>
   <subfield code="b">una historia moderna  /</subfield>
   <subfield code="c"> Bruce Cumings  :</subfield>
  </datafield>
  <datafield tag="260" ind1=" " ind2=" ">
   <subfield code="a">Córdoba :</subfield>
   <subfield code="b">Comunic-arte,</subfield>
   <subfield code="c">2004</subfield>
  </datafield>
  <datafield tag="300" ind1=" " ind2=" ">
   <subfield code="a">584 p.</subfield>
  </datafield>
  <datafield tag="653" ind1=" " ind2=" ">
   <subfield code="a">Asia-historia de-siglo xx</subfield>
  </datafield>
  <datafield tag="653" ind1=" " ind2=" ">
   <subfield code="a">Corea-historia de</subfield>
  </datafield>
  <datafield tag="700" ind1="1" ind2=" ">
   <subfield code="a">Melero, Cecilia, trad.</subfield>
  </datafield>
  <datafield tag="700" ind1="1" ind2=" ">
   <subfield code="a">Santillán, Gustavo, trad.</subfield>
  </datafield>
  <datafield tag="700" ind1="1" ind2=" ">
   <subfield code="a">Santarrosa, Jorge, trad.</subfield>
  </datafield>
  <datafield tag="859" ind1=" " ind2=" ">
   <subfield code="a">AR-BHAM</subfield>
   <subfield code="b">BIB. HUMANIDADES - General</subfield>
   <subfield code="h">950.4</subfield>
   <subfield code="i">C762</subfield>
   <subfield code="p">377.07</subfield>
   <subfield code="t">Ej.1</subfield>
  </datafield>
 </record>
</collection>
